PRESENTING YOUR RESEARCH CONFERENCES, SYMPOSIUMS, POSTER PRESENTATION AND BEYOND. (Record no. 1177432)

MARC details
000 -LEADER
fixed length control field 00359nam a2200121Ia 4500
008 - FIXED-LENGTH DATA ELEMENTS--GENERAL INFORMATION
fixed length control field 230724s2014 xx und d
041 ## - LANGUAGE CODE
Language code of text/sound track or separate title eng
082 ## - DEWEY DECIMAL CLASSIFICATION NUMBER
Classification number 1.4092
100 ## - MAIN ENTRY--PERSONAL NAME
Personal name BECKER LUCINDA
245 ## - TITLE STATEMENT
Title PRESENTING YOUR RESEARCH CONFERENCES, SYMPOSIUMS, POSTER PRESENTATION AND BEYOND.
260 ## - PUBLICATION, DISTRIBUTION, ETC.
Name of publisher, distributor, etc. SAGE PUBLISHING INC.,AMERICA,U.K
Date of publication, distribution, etc. 2014
300 ## - PHYSICAL DESCRIPTION
Extent 147

No items available.